|
|
|
|
| LEADER |
00938nam a22002172a 4500 |
| 001 |
000156937 |
| 003 |
CZ BrMZK |
| 005 |
20170710125946.0 |
| 008 |
970107s1972 xr f cze d |
| 040 |
|
|
|a BOA001
|b cze
|c BOA002
|
| 100 |
1 |
|
|a Hurt, Rudolf,
|d 1902-1978
|7 jz7500325
|4 aut
|
| 245 |
1 |
0 |
|a O poloze starého kostela Panny Marie na Starém Brně /
|c Rudolf Hurt
|
| 260 |
|
|
|a Brno :
|b Moravské museum,
|c 1972
|
| 300 |
|
|
|a S. 221-229
|
| 772 |
0 |
8 |
|i Separát ze seriálu:
|t Časopis Moravského musea
|
| 910 |
|
|
|a BOA001
|b PK-0069.792
|b X-0713.288
|
| 964 |
|
|
|a Kostel Panny Marie na Starém Brně - Brno - pojednání
|
| 990 |
|
|
|a BK
|
| 996 |
6 |
|
|b 2618900220
|c X-0713.288
|l MZK
|r Sklad / do 24 hodin
|n 0
|w 000156937
|u 000030
|a 1
|e BOA001
|j MZK50
|s P
|
| 996 |
7 |
|
|b 2619901434
|c X-0713.288
|l MZK
|r Sklad / do 24 hodin
|n 17
|w 000156937
|u 000020
|a 1
|e BOA001
|j MZK50
|s A
|
| 996 |
7 |
|
|b 3119950972
|c PK-0069.792
|l MZK
|r Sklad / do 1 hodiny
|n 10
|w 000156937
|u 000010
|a 1
|e BOA001
|j MZK50
|s A
|